| 000 | 00817cam a22002415a 4500 | ||
|---|---|---|---|
| 001 | 12497111 | ||
| 005 | 20151115111957.0 | ||
| 008 | 010802t2001 maua frbf s001 0 eng d | ||
| 020 | _a0813824192 | ||
| 020 | _a9780813824192 | ||
| 040 |
_aDNLM _cDNLM _dEG-ScBUE _beng |
||
| 082 | 0 | 4 |
_a636.089696 _222 _bFOR |
| 100 | 1 |
_aForeyt, Bill. _938733 |
|
| 245 | 1 | 0 |
_aVeterinary parasitology reference manual / _cWilliam J. Foreyt. |
| 250 | _a5th ed. | ||
| 260 |
_aDanvers : _bBlackwell Publishing : _bIowa State University Press, _cc.2001. |
||
| 300 |
_aviii, 235 p. : _bill. ; _c28 cm. |
||
| 500 | _aIndex : p. 225-235. | ||
| 504 | _aIncludes bibliographical references. | ||
| 650 | 0 |
_aVeterinary parasitology _vHandbooks, manuals, etc. _2BUEsh |
|
| 653 |
_bNNUR _cAugust2015 _cNovember2015 |
||
| 942 |
_2ddc _k636.089696 FOR |
||
| 999 |
_c20753 _d20725 |
||